000 00444nam a22001337a 4500
082 _a297.14
_bSHA
_cL-31.P23
100 _aNidham al-Din Abi 'Ali al-Shashi
_937368
245 _aUsul al-Shashi Fi usul al fiqah
_bHanafi principles of Islamic jurisprudenc
_cNidham al-Din Abi 'Ali al-Shashi
260 _aLahore.
_bIdara ey Islam
_c1982
300 _a144 p.
526 _a0
_b0
_c0
_d297_140000000000000_SHA
650 _aMCE
_9379
942 _2ddc
_cBK
999 _c542245
_d542245